Docks regulations,factories act 1937 explained (Record no. 2092)

000 -LEADER
fixed length control field 00415nam a22001577a 4500
008 - FIXED-LENGTH DATA ELEMENTS--GENERAL INFORMATION
fixed length control field 200212b ||||| |||| 00| 0 eng d
082 00 - DEWEY DECIMAL CLASSIFICATION NUMBER
Classification number 343.410967
Item number M1351
100 ## - MAIN ENTRY--PERSONAL NAME
9 (RLIN) 677
Personal name MacDonald, K.
245 10 - TITLE STATEMENT
Title Docks regulations,factories act 1937 explained
250 ## - EDITION STATEMENT
Edition statement 2nd
260 ## - PUBLICATION, DISTRIBUTION, ETC. (IMPRINT)
Place of publication, distribution, etc Glasgow
Name of publisher, distributor, etc Brown & Ferguson
Date of publication, distribution, etc 1948
300 ## - PHYSICAL DESCRIPTION
Extent 72p.
365 ## - TRADE PRICE
Unit of pricing 5.10
650 #0 - SUBJECT ADDED ENTRY--TOPICAL TERM
Topical term or geographic name as entry element Cargo Handling
942 ## - ADDED ENTRY ELEMENTS (KOHA)
Item type Books
Holdings
Withdrawn status Lost status Source of classification or shelving scheme Damaged status Not for loan Permanent location Current location Date acquired Source of acquisition Full call number Barcode Date last seen Koha item type
          IMU Kolkata IMU Kolkata 1953-03-18 E. W. Steves 343.410967 M1351 01749 2020-02-12 Books
Designed and Maintained by IMU-KC Library, Kolkata Campus © Copyright All Rights Reserved

webs counters

Powered by Koha